[Event "?"]
[Site "ICS rated blitz match, 192.23"]
[Date "1997.??.??"]
[Round "?"]
[White "Brause"]
[Black "oldtimer"]
[Result "0-1"]
[WhiteElo "2605"]
[BlackElo "2540"]
[PlyCount "334"]

1. e4 e5 2. Nf3 Nc6 3. Nc3 Nf6 4. Nxe5 Nxe5 5. d4 Ng6 6. e5 Ng8 7. Bc4 d5 8.
Bxd5 c6 9. Bf3 Bb4 10. O-O Bxc3 11. bxc3 Be6 12. Be4 f5 13. exf6 Nxf6 14. Bxg6+
hxg6 15. Qd3 Kf7 16. Ba3 Qd5 17. Rfb1 b5 18. Rb2 Rad8 19. Bc5 a6 20. a4 Rd7 21.
axb5 axb5 22. f3 Qf5 23. Re1 Bc4 24. Qe3 Re8 25. Qf2 Rxe1+ 26. Qxe1 Qe6 27. Qd2
Nd5 28. Kf2 Rd8 29. Rb1 Re8 30. Re1 Qxe1+ 31. Qxe1 Rxe1 32. Kxe1 Nxc3 33. Kd2
Nd5 34. Bd6 g5 35. g3 Ke6 36. Be5 g6 37. g4 Bf1 38. Bg3 Bc4 39. Be5 Kd7 40. Bg7
Nf4 41. Bf6 Ne6 42. Be5 b4 43. Ke3 Bd5 44. Bf6 Kc7 45. Be7 b3 46. cxb3 Bxb3 47.
Ke4 Kd7 48. Bf6 Bd5+ 49. Ke3 Kc7 50. Be5+ Kb6 51. Bf6 Kb5 52. h4 gxh4 53. Bxh4
g5 54. Bg3 Kc4 55. Be5 Kc3 56. Bf6 Kc4 57. Be5 Kb5 58. Bg3 Kb6 59. Be5 Kb7 60.
Bd6 Kc8 61. Be5 Kd7 62. Bg3 Ke7 63. Bh2 Kf6 64. Be5+ Kg6 65. Bd6 Ng7 66. Bg3
Kf7 67. f4 gxf4+ 68. Bxf4 Ne6 69. Bg3 Kg6 70. Bh4 Bh1 71. Be7 Nc7 72. Bd8 Nd5+
73. Kf2 Be4 74. Bh4 Kf7 75. Bg5 Ke6 76. Bd2 Bb1 77. Kf3 Ne7 78. Bb4 Ng6 79. Be1
Kd5 80. Ke3 Nf8 81. Bh4 Ne6 82. Bf6 Bg6 83. Bh8 Kd6 84. Be5+ Ke7 85. Kd2 Nd8
86. Bc7 Nf7 87. Ke3 Ke6 88. Kf4 Kd5 89. Bb6 Bc2 90. Ke3 Ng5 91. Bd8 Ne6 92. Bf6
Bd1 93. g5 Bc2 94. Kd2 Bf5 95. Ke3 Bg6 96. Be7 Nxd4 97. Kf4 Ne6+ 98. Kf3 Ke5
99. Ke2 Kf4 100. Bd6+ Kxg5 101. Kd2 Kf6 102. Kc3 Be4 103. Kc4 Bd5+ 104. Kd3 Kf5
105. Ke3 Bh1 106. Kd3 Nd8 107. Bc5 Ke5 108. Kc4 Bd5+ 109. Kb4 Bf3 110. Kc4 Be2+
111. Kc3 Kd5 112. Be7 Ne6 113. Kd2 Bb5 114. Ke3 Ba6 115. Bf6 c5 116. Bb2 Nd4
117. Bc3 Kc4 118. Ba5 Nc2+ 119. Kd2 Kb3 120. Bc3 Nd4 121. Ba1 Bb5 122. Kd1 Bf1
123. Kd2 Ka2 124. Bc3 Kb1 125. Kd1 Bd3 126. Kd2 Bg6 127. Ke3 Nb5 128. Be5 Kc2
129. Kf4 Kd2 130. Kg5 Bh7 131. Kf6 c4 132. Bf4+ Kd3 133. Kg7 Be4 134. Bg5 c3
135. Kf6 Nd4 136. Bc1 Kc2 137. Bf4 Nf3 138. Be3 Kd3 139. Bc5 Nd2 140. Ba3 Nc4
141. Bc1 Kc2 142. Bf4 Kd1 143. Kg5 c2 144. Kf6 Nd2 145. Ke6 c1=Q 146. Ke7 Qc6
147. Be5 Nc4 148. Bg3 Bd5 149. Bh2 Qe6+ 150. Kd8 Qf7 151. Bd6 Bc6 152. Be7 Qe8+
153. Kc7 Qd7+ 154. Kb8 Bb5 155. Bd8 Ne5 156. Bc7 Ba6 157. Ka7 Bc8 158. Kb6 Qc6+
159. Ka5 Qxc7+ 160. Kb4 Be6 161. Kb5 Nd3 162. Ka4 Qb6 163. Ka3 Bd7 164. Ka2 Qb4
165. Ka1 Ne1 166. Ka2 Be6+ 167. Ka1 Nc2# 0-1

[Event "?"]
[Site "ICS rated blitz match, 192.23"]
[Date "1997.??.??"]
[Round "?"]
[White "Brause"]
[Black "AdamfromEC"]
[Result "1-0"]
[WhiteElo "2590"]
[BlackElo "1910"]
[PlyCount "37"]

1. e4 e5 2. Nf3 Nc6 3. Nc3 Nf6 4. Nxe5 Nxe5 5. d4 Nc6 6. d5 Ne7 7. e5 Nfxd5 8.
Nxd5 Nxd5 9. Qxd5 d6 10. Bc4 Be6 11. Qxb7 Bxc4 12. Qc6+ Ke7 13. exd6+ Qxd6 14.
Qxa8 Qe5+ 15. Be3 g6 16. Qxa7 Bg7 17. Qc5+ Qxc5 18. Bxc5+ Kd8 19. O-O-O+ 1-0

[Event "?"]
[Site "ICS rated blitz match, 192.23"]
[Date "1997.??.??"]
[Round "?"]
[White "Brause"]
[Black "AdamfromEC"]
[Result "1-0"]
[WhiteElo "2595"]
[BlackElo "1905"]
[PlyCount "25"]

1. e4 e5 2. Nf3 Nc6 3. Nc3 Nf6 4. Nxe5 Nxe5 5. d4 Nc6 6. d5 Nb8 7. e5 Ng8 8. d6
cxd6 9. exd6 Qf6 10. Nb5 Na6 11. Bc4 g6 12. Qe2+ Kd8 13. Be3 1-0

[Event "?"]
[Site "ICS rated blitz match, 192.23"]
[Date "1997.??.??"]
[Round "?"]
[White "Brause"]
[Black "oldtimer"]
[Result "0-1"]
[WhiteElo "2595"]
[BlackElo "2555"]
[PlyCount "140"]

1. e4 e5 2. Nf3 Nc6 3. Nc3 Nf6 4. Nxe5 Nxe5 5. d4 Ng6 6. e5 Ng8 7. Bc4 d5 8.
Bxd5 c6 9. Bf3 Bb4 10. O-O Bxc3 11. bxc3 Be6 12. Be4 f5 13. exf6 Nxf6 14. Bxg6+
hxg6 15. Qd3 Kf7 16. Bf4 Qd5 17. Rfb1 b5 18. a4 a6 19. Re1 Qf5 20. Qe2 Rhe8 21.
Qd2 Nd5 22. Bd6 Nb6 23. Re5 Qf6 24. Re4 Nc4 25. Qf4 Bd5 26. Be5 Nxe5 27. dxe5
Qf5 28. g4 Qxf4 29. Rxf4+ Ke6 30. Re1 Rf8 31. Rxf8 Rxf8 32. axb5 axb5 33. c4
Bxc4 34. Re3 Bd5 35. Kf1 Rf4 36. g5 Rf3 37. Rxf3 Bxf3 38. Ke1 Kxe5 39. Kd2 Kd4
40. c3+ Ke4 41. Kc2 c5 42. h4 Bg4 43. Kd2 b4 44. cxb4 cxb4 45. Kc2 Be6 46. Kb2
Kf3 47. Kb1 Kxf2 48. Kb2 Ke2 49. Kc2 Bd5 50. Kc1 Bb3 51. Kb2 Ba4 52. Kc1 Kd3
53. Kb2 Kd2 54. h5 gxh5 55. g6 h4 56. Kb1 h3 57. Kb2 h2 58. Kb1 h1=N 59. Kb2
Ng3 60. Kb1 Kc3 61. Ka2 Kc2 62. Ka1 Ne2 63. Ka2 Kc3 64. Ka1 Kb3 65. Kb1 Ka3 66.
Ka1 Bb3 67. Kb1 Bd1 68. Ka1 b3 69. Kb1 Bc2+ 70. Ka1 b2# 0-1

[Event "?"]
[Site "ICS rated blitz match, 192.23"]
[Date "1997.??.??"]
[Round "?"]
[White "Brause"]
[Black "oldtimer"]
[Result "1-0"]
[WhiteElo "2580"]
[BlackElo "2575"]
[PlyCount "60"]

1. e4 e5 2. Nf3 Nc6 3. Nc3 Nf6 4. Nxe5 Nxe5 5. d4 Ng6 6. e5 Ng8 7. Bc4 d5 8.
Bxd5 c6 9. Bf3 Bb4 10. O-O Bxc3 11. bxc3 Be6 12. Bh5 f5 13. Qd3 N8e7 14. Ba3 b5
15. Rfe1 O-O 16. Bxg6 hxg6 17. Qg3 Kf7 18. Bd6 Rh8 19. Qd3 a6 20. h3 Nc8 21.
Ba3 Nb6 22. Bc5 Nd5 23. c4 bxc4 24. Qxc4 Qg5 25. Bd6 Nf4 26. Qxc6 Rhc8 27. Qf3
Bd5 28. e6+ Ke8 29. Bxf4 Bxf3 30. Bxg5 Bd5 1-0

[Event "?"]
[Site "ICS rated blitz match, 192.23"]
[Date "1997.??.??"]
[Round "?"]
[White "Brause"]
[Black "oldtimer"]
[Result "0-1"]
[WhiteElo "2595"]
[BlackElo "2560"]
[PlyCount "222"]

1. e4 e5 2. Nf3 Nc6 3. Nc3 Nf6 4. Nxe5 Nxe5 5. d4 Ng6 6. e5 Ng8 7. Bc4 d5 8.
Bxd5 c6 9. Bf3 Bb4 10. O-O Bxc3 11. bxc3 Be6 12. Be4 f5 13. exf6 Nxf6 14. Bxg6+
hxg6 15. Bf4 Qd5 16. Bc7 O-O 17. Re1 Rae8 18. Be5 Nd7 19. Qb1 b6 20. Qb4 Nxe5
21. Rxe5 Qd7 22. Qa4 Bd5 23. f3 Rxe5 24. dxe5 Qe7 25. Re1 Qg5 26. Kf2 Qd2+ 27.
Re2 Qxc3 28. Re3 Qa5 29. Qxa5 bxa5 30. Ra3 Rb8 31. Rxa5 Rb2 32. a4 Rb7 33. Ke3
Kf7 34. h4 Ke7 35. g3 Kd7 36. Rc5 Rb8 37. f4 Kc7 38. a5 Rb4 39. Kd2 Rc4 40.
Rxc4 Bxc4 41. Kc3 Be6 42. Kb4 Bf5 43. c3 Be6 44. Kc5 Bh3 45. Kc4 Kd7 46. Kb4
Bg4 47. Kc5 Bf3 48. Kd4 Ke6 49. Kc4 Kf5 50. Kc5 Ke6 51. Kd4 Bg2 52. c4 Kd7 53.
Ke3 c5 54. Kd3 Ke6 55. Ke2 Kf5 56. Kf2 Bc6 57. Ke3 Kg4 58. Kf2 Bb7 59. e6 Bc6
60. a6 Kf5 61. Ke3 Kxe6 62. Kf2 Kf5 63. Ke2 Kg4 64. Kf2 Ba8 65. Ke3 Kxg3 66.
Kd2 Kxh4 67. Kd3 Kg3 68. Ke3 Bc6 69. Kd2 Kxf4 70. Ke1 Kg3 71. Ke2 g5 72. Ke1
Bg2 73. Kd2 Kf2 74. Kc2 g4 75. Kb3 Bc6 76. Kc3 Ke3 77. Kc2 g3 78. Kb2 g2 79.
Kb3 g1=B 80. Kc2 Ba4+ 81. Kb2 Bf2 82. Ka3 Bd1 83. Kb2 Be1 84. Kc1 Ba4 85. Kb2
Bb4 86. Kb1 Bb3 87. Kb2 Bxc4 88. Kc2 Ba3 89. Kc3 Bd5 90. Kc2 Kd4 91. Kd2 Be4
92. Ke1 Bc1 93. Kd1 Bf4 94. Ke2 Kc3 95. Kf2 Kd3 96. Ke1 Bf3 97. Kf2 Ke4 98. Kf1
Ke3 99. Ke1 Bg4 100. Kf1 Bg3 101. Kg2 Bh4 102. Kg1 Kf3 103. Kf1 g5 104. Kg1 Kg3
105. Kf1 Kh3 106. Kg1 Be2 107. Kh1 g4 108. Kg1 Be1 109. Kh1 g3 110. Kg1 Bf2+
111. Kh1 g2# 0-1

[Event "?"]
[Site "ICS rated blitz match, 192.23"]
[Date "1997.??.??"]
[Round "?"]
[White "Brause"]
[Black "Tomjan"]
[Result "1-0"]
[WhiteElo "2520"]
[BlackElo "1940"]
[PlyCount "66"]

1. e4 e5 2. Nf3 Nc6 3. Nc3 Nf6 4. Nxe5 Nxe5 5. d4 Nc6 6. d5 Ne5 7. f4 Ng6 8. e5
Ng8 9. d6 cxd6 10. exd6 Qh4+ 11. g3 Qf6 12. Nb5 Kd8 13. Be3 Qxb2 14. Bd4 Qb4+
15. c3 Qa5 16. Qf3 f5 17. Qe3 Nf6 18. Nc7 Bxd6 19. Nxa8 Re8 20. Qxe8+ Nxe8 21.
Bg2 Bc5 22. O-O Qxc3 23. Bxc5 Qxc5+ 24. Rf2 b5 25. a4 Qd4 26. Raa2 bxa4 27.
Rad2 Qe3 28. Rde2 Qc1+ 29. Rf1 Qc5+ 30. Rff2 Ba6 31. Rc2 Qe3 32. Rb2 a3 33. Rb1
a2 1-0

[Event "?"]
[Site "ICS rated blitz match, 192.23"]
[Date "1997.??.??"]
[Round "?"]
[White "Brause"]
[Black "KillerGrob"]
[Result "1-0"]
[WhiteElo "2520"]
[BlackElo "2590"]
[PlyCount "51"]

1. e4 e5 2. Nf3 Nc6 3. Nc3 Nf6 4. Nxe5 Nxe5 5. d4 Ng6 6. e5 Ng8 7. Bc4 Bb4 8.
Qf3 Qe7 9. O-O Bxc3 10. bxc3 Rb8 11. Re1 b5 12. Rb1 a6 13. Qg3 Bb7 14. Bg5 Qf8
15. e6 fxe6 16. Bxe6 dxe6 17. Qxc7 Rc8 18. Rxe6+ N8e7 19. Qxb7 Rxc3 20. Bxe7
Nxe7 21. Rbe1 Qxf2+ 22. Kxf2 O-O+ 23. Kg1 Ng6 24. Rxa6 Kh8 25. Ra7 Ne7 26. Qxe7
1-0

[Event "?"]
[Site "ICS rated blitz match, 192.23"]
[Date "1997.??.??"]
[Round "?"]
[White "Brause"]
[Black "Kiriakos"]
[Result "1-0"]
[WhiteElo "2540"]
[BlackElo "2160"]
[PlyCount "59"]

1. e4 e5 2. Nf3 Nc6 3. Nc3 Nf6 4. Nxe5 Nxe5 5. d4 Ng6 6. e5 Be7 7. Bc4 O-O 8.
exf6 Bxf6 9. O-O c6 10. d5 d6 11. Bd2 Bf5 12. dxc6 bxc6 13. Qf3 Qd7 14. Bb3 d5
15. Rae1 Rfe8 16. h3 Be5 17. Re2 Bc7 18. Rfe1 Rxe2 19. Nxe2 Re8 20. Ng3 Rxe1+
21. Bxe1 Be6 22. Bb4 h6 23. Bc5 Bb6 24. Qc3 Nf8 25. Bxf8 Kxf8 26. Ba4 Qc8 27.
Bxc6 d4 28. Qb4+ Kg8 29. Qb5 Bxa2 30. Nh5 1-0

[Event "?"]
[Site "ICS rated blitz match, 192.23"]
[Date "1997.??.??"]
[Round "?"]
[White "Brause"]
[Black "Kiriakos"]
[Result "1-0"]
[WhiteElo "2545"]
[BlackElo "2155"]
[PlyCount "50"]

1. e4 e5 2. Nf3 Nc6 3. Nc3 Nf6 4. Nxe5 Nxe5 5. d4 Ng6 6. e5 Be7 7. exf6 Bxf6 8.
Bc4 O-O 9. O-O c6 10. d5 d6 11. Bd2 Bf5 12. dxc6 bxc6 13. Qf3 Qd7 14. Bb3 Bg4
15. Qd3 Bf5 16. Qg3 Be5 17. Qg5 h6 18. Qh5 Nf4 19. Qf3 Bg4 20. Qe3 Rfe8 21. Kh1
Ne2 22. Qd3 Bf5 23. Qc4 d5 24. Qc5 Bd6 25. Qa5 Bc7 1-0

[Event "?"]
[Site "ICS rated blitz match, 192.23"]
[Date "1997.??.??"]
[Round "?"]
[White "Brause"]
[Black "oldtimer"]
[Result "0-1"]
[WhiteElo "2565"]
[BlackElo "2560"]
[PlyCount "176"]

1. e4 e5 2. Nf3 Nc6 3. Nc3 Nf6 4. Nxe5 Nxe5 5. d4 Ng6 6. e5 Ng8 7. Bc4 d5 8.
Bxd5 c6 9. Bf3 Bb4 10. O-O Bxc3 11. bxc3 Be6 12. g4 N8e7 13. Ba3 Nd5 14. Bb2 b5
15. Re1 O-O 16. Ba3 Re8 17. Bb2 Qh4 18. Bxd5 Bxd5 19. Qd3 Nf4 20. Qg3 Nh3+ 21.
Kf1 Qxg3 22. hxg3 Bf3 23. Bc1 h6 24. a4 a6 25. Be3 Ng5 26. Ra3 Ne6 27. Rea1
Rac8 28. axb5 axb5 29. c4 bxc4 30. Ra4 Bd5 31. f4 Nc7 32. Kg1 Ra8 33. Rxa8 Rxa8
34. Rxa8+ Nxa8 35. c3 Bf3 36. g5 hxg5 37. fxg5 Be4 38. Kf2 Nc7 39. g4 Ne6 40.
Kg3 Kh7 41. Kh3 Kg6 42. Kh4 Bd5 43. Bc1 c5 44. dxc5 Nxc5 45. Ba3 Ne4 46. Bb2
Be6 47. Ba1 Nf2 48. Bb2 Nxg4 49. Bc1 Nxe5 50. Kg3 Kf5 51. Be3 Bd5 52. Bd4 g6
53. Kf2 Nf3 54. Bf6 Nxg5 55. Bd8 Ne6 56. Bh4 g5 57. Bg3 Ke4 58. Bd6 f5 59. Ba3
f4 60. Ke1 g4 61. Bd6 g3 62. Kf1 Kf3 63. Be7 Be4 64. Bf6 Bd3+ 65. Kg1 Kg4 66.
Kh1 f3 67. Be5 Nf4 68. Bd4 Kh3 69. Kg1 Ne2+ 70. Kf1 Nxd4+ 71. Ke1 Nb3 72. Kd1
Be4 73. Ke1 Bc2 74. Kf1 Nd2+ 75. Ke1 Ne4 76. Kf1 Nxc3 77. Ke1 Ne4 78. Kf1 c3
79. Ke1 Nc5 80. Kf1 Nd3 81. Kg1 Bd1 82. Kf1 c2 83. Kg1 Be2 84. Kh1 Ne5 85. Kg1
Nc4 86. Kh1 Nd2 87. Kg1 f2+ 88. Kh1 g2# 0-1

[Event "?"]
[Site "ICS rated blitz match, 192.23"]
[Date "1997.??.??"]
[Round "?"]
[White "Brause"]
[Black "oldtimer"]
[Result "1/2-1/2"]
[WhiteElo "2565"]
[BlackElo "2560"]
[PlyCount "237"]

1. e4 e5 2. Nf3 Nc6 3. Nc3 Nf6 4. Nxe5 Nxe5 5. d4 Ng6 6. e5 Ng8 7. Bc4 d5 8.
Bxd5 c6 9. Bf3 Bb4 10. O-O Bxc3 11. bxc3 Be6 12. g4 N8e7 13. Bg5 h6 14. Bd2 Nh4
15. Be4 g5 16. Kh1 Qd7 17. Rg1 O-O-O 18. Qe2 Bd5 19. Bc1 Bxe4+ 20. Qxe4 Qd5 21.
Qxd5 Rxd5 22. f4 gxf4 23. Bxf4 c5 24. Rgd1 Nhg6 25. Be3 Rhd8 26. Rf1 Nc6 27.
dxc5 Ncxe5 28. h3 Rh8 29. Rf5 Rh7 30. Bd4 Kd7 31. Rb1 Kc6 32. Rf6+ Kc7 33. Rd6
Rxd6 34. cxd6+ Kc6 35. Bxa7 Nd7 36. Be3 b6 37. Rd1 h5 38. Kg2 hxg4 39. hxg4 f6
40. a4 Nge5 41. Kg3 Rg7 42. Rd4 f5 43. g5 Nc5 44. Kf4 Nf7 45. Kxf5 Nxd6+ 46.
Kg4 Ne6 47. Rb4 Nc5 48. Bd4 Rg8 49. Kh5 Nf5 50. g6 Nxd4 51. cxd4 Nd7 52. Kh6
Nf8 53. g7 Ne6 54. Kg6 Kd5 55. Rxb6 Rxg7+ 56. Kf6 Rh7 57. Rb5+ Kd6 58. c3 Rh6+
59. Kf5 Rh5+ 60. Ke4 Rh3 61. c4 Rh4+ 62. Ke3 Rxd4 63. Rb6+ Kc7 64. Rxe6 Rxc4
65. a5 Kb7 66. Rb6+ Ka7 67. Kd3 Ra4 68. Rd6 Rxa5 69. Ke4 Kb7 70. Kd4 Kc7 71.
Rf6 Ra4+ 72. Kd5 Ra5+ 73. Ke4 Ra4+ 74. Kd3 Kd7 75. Rb6 Rh4 76. Rg6 Ke7 77. Rc6
Kd7 78. Rb6 Ke7 79. Rg6 Kd7 80. Ra6 Ke7 81. Ke3 Kd7 82. Rf6 Ke7 83. Rc6 Kd7 84.
Rb6 Ke7 85. Rg6 Kd7 86. Ra6 Ke7 87. Kf3 Kd7 88. Rf6 Ke7 89. Rg6 Kd7 90. Rb6 Ke7
91. Ke3 Kd7 92. Rg6 Ke7 93. Rg8 Ke6 94. Rg5 Kd6 95. Rf5 Ke6 96. Rb5 Rh3+ 97.
Kf4 Rh4+ 98. Kf3 Rh3+ 99. Kg4 Rd3 100. Kf4 Rd4+ 101. Ke3 Rd5 102. Rb8 Ke5 103.
Rg8 Kf5 104. Rf8+ Ke5 105. Re8+ Kf5 106. Rh8 Ke5 107. Rh4 Kd6 108. Rh6+ Ke5
109. Rh5+ Kd6 110. Rh1 Ke5 111. Rg1 Kf5 112. Rb1 Ke5 113. Rb7 Ra5 114. Rb3 Kd5
115. Kf3 Ke5 116. Re3+ Kd5 117. Kg3 Ra4 118. Rf3 Ke5 119. Rd3 1/2-1/2

[Event "?"]
[Site "ICS rated blitz match, 192.23"]
[Date "1997.??.??"]
[Round "?"]
[White "Brause"]
[Black "Skydiver"]
[Result "1-0"]
[WhiteElo "2565"]
[BlackElo "2080"]
[PlyCount "47"]

1. e4 e5 2. Nf3 Nc6 3. Nc3 Nf6 4. Nxe5 Nxe5 5. d4 Ng6 6. e5 Ng8 7. Bc4 Bb4 8.
Qf3 Bxc3+ 9. bxc3 Qe7 10. O-O Nh6 11. g3 O-O 12. Qh5 d5 13. Bxd5 c6 14. Bf3 Be6
15. a4 Bd5 16. Ba3 Bxf3 17. Qxf3 Qg5 18. Bxf8 Rxf8 19. Rab1 Nh4 20. Qe4 N6f5
21. Rxb7 f6 22. exf6 Rxf6 23. Rb8+ Kf7 24. Qe8# 1-0

[Event "?"]
[Site "ICS rated blitz match, 192.23"]
[Date "1997.??.??"]
[Round "?"]
[White "Brause"]
[Black "laskertdf"]
[Result "1-0"]
[WhiteElo "2600"]
[BlackElo "2085"]
[PlyCount "25"]

1. e4 e5 2. Nf3 Nc6 3. Nc3 Nf6 4. Nxe5 d6 5. Nxc6 bxc6 6. d4 Be7 7. Be2 O-O 8.
O-O Bd7 9. Bf4 Qb8 10. e5 Ne8 11. b3 Qb6 12. Qd3 c5 13. Nd5 1-0

[Event "?"]
[Site "ICS rated blitz match, 192.23"]
[Date "1997.??.??"]
[Round "?"]
[White "Brause"]
[Black "chesshazard"]
[Result "1-0"]
[WhiteElo "2605"]
[BlackElo "1955"]
[PlyCount "29"]

1. e4 e5 2. Nf3 Nc6 3. Nc3 Nf6 4. Nxe5 Nxe5 5. d4 Nc6 6. d5 Ne5 7. f4 Ng6 8. e5
Ng8 9. d6 cxd6 10. exd6 Qf6 11. Nb5 Kd8 12. Be3 a6 13. Bb6+ Ke8 14. Nc7+ Kd8
15. Nxa8+ 1-0

[Event "?"]
[Site "ICS rated blitz match, 192.23"]
[Date "1997.??.??"]
[Round "?"]
[White "Brause"]
[Black "burnuntilnil"]
[Result "1-0"]
[WhiteElo "2595"]
[BlackElo "2100"]
[PlyCount "28"]

1. e4 e5 2. Nf3 Nc6 3. Nc3 Nf6 4. Nxe5 Nxe5 5. d4 Ng6 6. e5 Ng8 7. Bc4 Bb4 8.
Qf3 Qe7 9. O-O Bxc3 10. bxc3 d6 11. Ba3 Be6 12. Qxb7 Rd8 13. Rfe1 Qd7 14. Bb5
c6 1-0

[Event "?"]
[Site "ICS rated blitz match, 192.23"]
[Date "1997.??.??"]
[Round "?"]
[White "Brause"]
[Black "oldtimer"]
[Result "0-1"]
[WhiteElo "2580"]
[BlackElo "2575"]
[PlyCount "158"]

1. e4 e5 2. Nf3 Nc6 3. Nc3 Nf6 4. Nxe5 Nxe5 5. d4 Ng6 6. e5 Ng8 7. Bc4 d5 8.
Bxd5 c6 9. Bf3 Bb4 10. O-O Bxc3 11. bxc3 Be6 12. g4 N8e7 13. Bg5 h6 14. Bd2 Qd7
15. Be2 f5 16. exf6 gxf6 17. Re1 O-O-O 18. Bf3 Bd5 19. h3 Rdf8 20. Bxd5 Qxd5
21. Qe2 h5 22. Qe6+ Qxe6 23. Rxe6 hxg4 24. hxg4 Kd7 25. Re4 Re8 26. Rb1 b6 27.
Kg2 f5 28. gxf5 Nxf5 29. Rxe8 Rxe8 30. Re1 Rxe1 31. Bxe1 Ke6 32. Kf3 Kd5 33.
Kg4 Nd6 34. f3 Ne7 35. Bh4 Nef5 36. Bg5 b5 37. Bf4 Ke6 38. Bc1 Nc4 39. Kf4 Ne7
40. Kg5 Nd5 41. Kg6 Ne7+ 42. Kg5 a6 43. f4 Nf5 44. Kg4 Kf6 45. Kf3 Nh6 46. Ke4
Nd6+ 47. Kd3 Kf5 48. Ba3 Nc4 49. Bc1 Ke6 50. Ke4 Nf5 51. a3 Ne7 52. f5+ Nxf5
53. Kf4 Ne7 54. Ke4 Nd5 55. Kd3 Kf5 56. Ke2 Nxc3+ 57. Kd3 Nd5 58. c3 Kg4 59.
Kc2 Kf3 60. Kb3 Ke2 61. Kc2 a5 62. Kb1 Kd1 63. Bb2 a4 64. Ba1 Nf4 65. d5 cxd5
66. Bb2 Nd3 67. Ka2 Ndxb2 68. Kb1 Nd3 69. Ka1 Kc2 70. Ka2 Kxc3 71. Ka1 Kb3 72.
Kb1 Ne3 73. Ka1 Kxa3 74. Kb1 b4 75. Ka1 b3 76. Kb1 d4 77. Ka1 Nd5 78. Kb1 Nc3+
79. Ka1 b2# 0-1

[Event "?"]
[Site "ICS rated blitz match, 192.23"]
[Date "1997.??.??"]
[Round "?"]
[White "Brause"]
[Black "MrCool"]
[Result "0-1"]
[WhiteElo "2520"]
[BlackElo "2315"]
[PlyCount "170"]

1. e4 e5 2. Nf3 Nc6 3. Nc3 Nf6 4. Nxe5 Nxe5 5. d4 Ng6 6. e5 Ng8 7. Bc4 Bb4 8.
Qf3 Qe7 9. O-O Bxc3 10. bxc3 f6 11. exf6 Nxf6 12. Bg5 Kd8 13. Rfe1 Qf8 14. Re4
d6 15. Rae1 Bd7 16. R4e2 c6 17. Bd3 Kc7 18. Bxg6 hxg6 19. Qd3 Re8 20. Qxg6 Rxe2
21. Rxe2 Nd5 22. Qd3 Rh5 23. Be3 Nxe3 24. fxe3 Qf5 25. c4 Qg4 26. e4 Qh4 27. h3
Rg5 28. Re3 Qh5 29. Rf3 Qg6 30. Qd2 Rg3 31. Qa5+ Kb8 32. Rxg3 Qxg3 33. Qd8+ Bc8
34. Kh1 Qf4 35. c3 Qf6 36. Qxf6 gxf6 37. Kg1 Be6 38. d5 Bf7 39. Kf2 Kc7 40. Ke3
Kb6 41. g4 Kc5 42. Kd3 Bg6 43. h4 b5 44. h5 Bh7 45. dxc6 bxc4+ 46. Ke3 Kxc6 47.
Kd4 a5 48. h6 Bg6 49. Kxc4 Bxe4 50. Kd4 Bh7 51. a4 d5 52. c4 dxc4 53. Kxc4 Bg6
54. Kd4 Kd6 55. Ke3 Ke5 56. Kf3 Ke6 57. Ke3 Bh7 58. Kd4 Kf7 59. Kc5 Ke6 60. Kd4
Kd6 61. Kc4 Kc6 62. Kd4 Kd6 63. Kc4 Ke7 64. Kb5 Kf7 65. Kc5 Kg6 66. Kb6 Kxh6
67. Kxa5 Kg5 68. Kb4 Kxg4 69. a5 Bd3 70. Kc3 Ba6 71. Kd4 f5 72. Kc5 f4 73. Kb6
Bd3 74. Kc5 f3 75. Kd4 f2 76. Ke5 f1=Q 77. Kd6 Qa1 78. Kd5 Qxa5+ 79. Ke6 Bc4+
80. Kd6 Qd5+ 81. Kc7 Qc5+ 82. Kd7 Bd5 83. Kd8 Qa7 84. Ke8 Be6 85. Kd8 Qd7# 0-1

[Event "?"]
[Site "ICS rated blitz match, 192.23"]
[Date "1997.??.??"]
[Round "?"]
[White "Brause"]
[Black "Dorobanov"]
[Result "1-0"]
[WhiteElo "2515"]
[BlackElo "2440"]
[PlyCount "51"]

1. e4 e5 2. Nf3 Nc6 3. Nc3 Nf6 4. Nxe5 Nxe5 5. d4 Ng6 6. e5 Ng8 7. Bc4 Bb4 8.
Qf3 Qe7 9. O-O Bxc3 10. bxc3 f5 11. Bd2 Nh6 12. Bxh6 gxh6 13. Bd5 c6 14. Bb3
Kf8 15. Qxf5+ Kg7 16. Rae1 Rf8 17. Qd3 d5 18. c4 Be6 19. cxd5 cxd5 20. Re3 Rf4
21. g3 Rf7 22. Rfe1 Raf8 23. f4 a6 24. c4 Qd7 25. cxd5 Bxd5 26. e6 1-0

[Event "?"]
[Site "ICS rated blitz match, 192.23"]
[Date "1997.??.??"]
[Round "?"]
[White "Brause"]
[Black "Dorobanov"]
[Result "1-0"]
[WhiteElo "2525"]
[BlackElo "2430"]
[PlyCount "85"]

1. e4 e5 2. Nf3 Nc6 3. Nc3 Nf6 4. Nxe5 Nxe5 5. d4 Ng6 6. e5 Ng8 7. Bc4 Bb4 8.
Qf3 Qe7 9. O-O Bxc3 10. bxc3 d5 11. Bxd5 Nh4 12. Qf4 c6 13. Bxf7+ Qxf7 14. Qxh4
Ne7 15. Be3 O-O 16. Bg5 Ng6 17. Qg3 Be6 18. a3 b5 19. Rfe1 a6 20. Re2 Nf4 21.
Rd2 Bd5 22. Bxf4 Qxf4 23. Qxf4 Rxf4 24. f3 Rf7 25. Kf2 Re8 26. Re1 Rb7 27. f4
g6 28. g4 Kf7 29. f5 gxf5 30. gxf5 Rg8 31. Ke3 Ke8 32. Kf4 Rbg7 33. h3 Rg3 34.
Rd3 Rg2 35. e6 Rf2+ 36. Ke5 Rg5 37. Kd6 Rgxf5 38. Rg3 Rf8 39. Rg7 R2f6 40. Rb7
Rxe6+ 41. Rxe6+ Bxe6 42. Kxe6 Kd8 43. Rb8+ 1-0

[Event "?"]
[Site "ICS rated blitz match, 192.23"]
[Date "1997.??.??"]
[Round "?"]
[White "Brause"]
[Black "Dorobanov"]
[Result "1-0"]
[WhiteElo "2540"]
[BlackElo "2415"]
[PlyCount "55"]

1. e4 e5 2. Nf3 Nc6 3. Nc3 Nf6 4. Nxe5 Nxe5 5. d4 Ng6 6. e5 Ng8 7. Bc4 Bb4 8.
Qf3 Qe7 9. O-O Bxc3 10. bxc3 d5 11. Bxd5 Nh4 12. Qf4 g5 13. Qxg5 Qxg5 14. Bxg5
Ng6 15. Be4 N8e7 16. f4 h6 17. Bf6 Rg8 18. Rf2 h5 19. Re1 c6 20. f5 Nf8 21. c4
Nd7 22. Bh4 Nb6 23. e6 f6 24. Bxf6 Nxc4 25. Bxe7 Kxe7 26. f6+ Kf8 27. e7+ Kf7
28. Bg6+ 1-0

[Event "?"]
[Site "ICS rated blitz match, 192.23"]
[Date "1997.??.??"]
[Round "?"]
[White "Brause"]
[Black "Dorobanov"]
[Result "0-1"]
[WhiteElo "2550"]
[BlackElo "2405"]
[PlyCount "178"]

1. e4 e5 2. Nf3 Nc6 3. Nc3 Nf6 4. Nxe5 Nxe5 5. d4 Ng6 6. e5 Ng8 7. Bc4 Bb4 8.
Qf3 Qe7 9. O-O Bxc3 10. bxc3 d5 11. Bxd5 Nh4 12. Qf4 c6 13. Bxf7+ Qxf7 14. Qxh4
Ne7 15. Bd2 O-O 16. Bg5 Ng6 17. Qg3 Be6 18. a3 b5 19. a4 a6 20. axb5 axb5 21.
Rxa8 Rxa8 22. h4 Rf8 23. Ra1 Nf4 24. Bxf4 Qxf4 25. Qxf4 Rxf4 26. g3 Rf3 27.
Ra8+ Kf7 28. Ra7+ Kg6 29. Re7 Bd5 30. c4 bxc4 31. h5+ Kh6 32. Rb7 Rf7 33. Rb2
Kxh5 34. Kf1 g5 35. Ra2 Kg4 36. Ke2 Rf3 37. Ra7 Rf7 38. Ra2 h5 39. Ra8 Rg7 40.
Ra1 Rb7 41. Ke3 Rb2 42. Kd2 Rb7 43. Ke3 h4 44. gxh4 gxh4 45. Rg1+ Kh5 46. f3 h3
47. Rh1 Kh4 48. Kf2 Rg7 49. Rh2 Rf7 50. Kg1 Rxf3 51. e6 Bxe6 52. d5 Bxd5 53.
Rd2 Rg3+ 54. Kf1 Bg2+ 55. Kg1 Be4+ 56. Kf1 Kg4 57. Re2 Kf4 58. Rd2 Rg2 59. Rd8
h2 60. Rh8 Rg1+ 61. Ke2 h1=Q 62. Rxh1 Rxh1 63. Kd2 Rh2+ 64. Kc3 Rxc2+ 65. Kb4
Rb2+ 66. Kxc4 Bd5+ 67. Kc3 Rb3+ 68. Kd4 Rb1 69. Kc3 Rd1 70. Kc2 Bb3+ 71. Kxb3
Ke4 72. Kc4 Rd3 73. Kc5 Rc3+ 74. Kb4 Rc1 75. Ka5 c5 76. Kb5 Kd4 77. Kc6 c4 78.
Kb5 c3 79. Kb6 c2 80. Kc7 Rb1 81. Kd6 c1=Q 82. Ke6 Ke3 83. Kf6 Qc4 84. Ke7 Rb5
85. Kd6 Rd5+ 86. Ke7 Qe4+ 87. Kf6 Rf5+ 88. Kg7 Qg4+ 89. Kh8 Rh5# 0-1

[Event "?"]
[Site "ICS rated blitz match, 192.23"]
[Date "1997.??.??"]
[Round "?"]
[White "Brause"]
[Black "Dorobanov"]
[Result "0-1"]
[WhiteElo "2525"]
[BlackElo "2430"]
[PlyCount "118"]

1. e4 e5 2. Nf3 Nc6 3. Nc3 Nf6 4. Nxe5 Nxe5 5. d4 Ng6 6. e5 Ng8 7. Bc4 Bb4 8.
Qf3 Qe7 9. O-O Bxc3 10. bxc3 d5 11. Bxd5 Nh4 12. Qf4 c6 13. Bxf7+ Qxf7 14. Qxh4
Ne7 15. Re1 O-O 16. Bg5 Ng6 17. Qg3 Be6 18. a3 b5 19. a4 a6 20. f3 Nf4 21. Bxf4
Qxf4 22. Qxf4 Rxf4 23. Kf2 Raf8 24. axb5 axb5 25. Ra7 R4f7 26. Rea1 Rxa7 27.
Rxa7 Rf7 28. Ra8+ Rf8 29. Rxf8+ Kxf8 30. g4 Kf7 31. Ke3 Kg6 32. h3 h5 33. Kd3
Kg5 34. Ke3 g6 35. f4+ Kh4 36. f5 gxf5 37. gxh5 Kxh5 38. Kf3 Kg5 39. Kg2 Kh4
40. Kf3 Kxh3 41. Kf4 Kh4 42. c4 bxc4 43. c3 Kh5 44. Kf3 Kg5 45. Kg3 f4+ 46. Kf3
Kf5 47. Kf2 Ke4 48. Ke2 f3+ 49. Kf2 Kf4 50. d5 cxd5 51. Kf1 Ke3 52. Kg1 f2+ 53.
Kg2 Bh3+ 54. Kxh3 f1=Q+ 55. Kh4 Qg1 56. Kh5 Kf4 57. Kh6 Kxe5 58. Kh7 Kf6 59.
Kh8 Qg7# 0-1